Participación comunitaria y educación.

Enregistré dans:
Détails bibliographiques
Auteur principal: Godoy, Wendy (autor)
Autres auteurs: Díaz, María Luisa (autor) (autor)
Format: Livre
Langue:espagnol
Sujets:
Accès en ligne:Ver documento en línea
Tags: Ajouter un tag
Pas de tags, Soyez le premier à ajouter un tag!

MARC

LEADER 00000cam^a2200000uu^4500
001 000529572
005 20260413000000.0
008 052102s2003^^^^^^^^^^^^rd^r^1000^0^spa^d
009 20260413074954.172
035 |a FCE 000073819 
037 |a Acervo ITESO - Biblioteca 
041 |a spa 
095 |a CD 393 
100 |a Godoy, Wendy  |e (autor) 
245 1 0 |a Participación comunitaria y educación.  |h [recurso electrónico] 
264 |a Santiago de Chile :  |b PIIE,  |c 1997. 
300 |a 1 disco compacto (43 p.) :  |c 4 3/4 pulg. 
336 |a texto  |b txt  |2 rdacontenido 
337 |a sin mediación  |b n  |2 rdamedio 
338 |a volumen  |b nc  |2 rdasoporte 
649 |a XX 
650 |a Participación de la comunidad 
650 |a Papel de la comunidad 
650 |a Programas escuela-comunidad 
650 |a Chile 
740 |t Reduc: Documentos electrónicos. 
700 |a Díaz, María Luisa  |e (autor) 
856 4 0 |u https://biblioteca.uahurtado.cl/ujah/reduc/pdf/pdf/8204.pdf  |y Ver documento en línea 
910 |a Fondo Centro de Estudios Educativos 
920 |a Impresos - Libros 
930 |a Fondos Especiales 
905 |a 133 
902 |a https://opac.biblio.iteso.mx/vufind/Record/000529572